01025nam a22002177a 4500010001300000020002200013035001300035037001600048040001200064082001700076110005800093245008800151260006200239300001600301505019600317650005300513650007000566942002600636999001900662952012600681 aB-108065 a8170587042c65.00 aB-108065 aCen Lib/Ret aDPLbEN a181.499bMOT bSri Aurobindo Ashram. Publication Department.9112433 aThe Mother /bimages of her life:cby Sri Aurobindo Ashram. Publication Department. aPondicherrybSri Aurobindo Ashram, Publication Deptc2003 a61pb24(Hb) aPhotographs with explanatory captions, brief narrative of life and quotations from the works of La Mè€re, 1878-1973, disciple of Sri Aurobindo, 1872-1950, Indian philosopher and nationalist. aMother, -- 1878-1973 -- Pictorial works.9112434 aGhose, Aurobindo, -- 1872-1950 -- Disciples -- Biography.9112435 2ddccENh181.499mMOT c136156d136156 00104070aLbLd2015-12-22eCen Lib/Retg65.00l0o181.499 MOTpB-108065r2015-12-22 00:00:00t1v65.00w2015-12-22yEN